000 00388nam a2200133Ia 4500
008 220217s9999||||xx |||||||||||||| ||und||
020 _a81-88849-08-1
082 _a621.382 2 RAO
100 _aRao, Ganesh. D Gejji, P. Vineeta
245 0 _aDigital Signal Processing
260 _aSanguine Technical Publishers
_bBangalore
_c2004
300 _b265
650 _aCOMMUNICATION SYSTEM
999 _c172814
_d172814